| 000 | 02682cam a22003738i 4500 | ||
|---|---|---|---|
| 001 | 23965362 | ||
| 005 | 20260121074959.0 | ||
| 008 | 241230s2025 nyu b 001 0 eng | ||
| 010 | _a 2024042790 | ||
| 020 | _a9798855802030 (paperback) | ||
| 035 | _a23965362 | ||
| 040 |
_aDLC _beng _erda _cDLC |
||
| 042 | _apcc | ||
| 043 | _an-us--- | ||
| 082 | 0 | 0 |
_a342.730853 KAS _223/eng/20241231 |
| 245 | 0 | 0 |
_aFree speech and incitement in the twenty-first century / _cedited by Eric T. Kasper and JoAnne Sweeny. |
| 263 | _a2503 | ||
| 264 | 1 |
_aAlbany : _bState University of New York Press, _c2025. |
|
| 300 |
_axiv, 274 pages. _c23 cm. |
||
| 336 |
_atext _btxt _2rdacontent |
||
| 365 | _bRs. 3264.00 | ||
| 490 | 0 | _aSuny series in american constitutionalism | |
| 504 | _aIncludes bibliographical references and index. | ||
| 505 | 0 | _aChapter One - Tolerating the Violent: The Liberal Egalitarian Justifications for the Brandenburg / Adam Kunz -- Chapter Two - Anti-Orthodoxy, Inclusion, and the Advocacy of Violence / Timothy C. Shiel -- Chapter Three - Free Speech, Social Justice, and Brandenburg / Stephen M. Feldman -- Chapter Four - Criminal Solicitation's Borderline Speech: / Wily Agitators, Anodyne Criminality, & Fuzzy Lines, Rachel E. VanLandingham -- Chapter Five - Words Behind Walls: Examining the Line between Incitement and Administrative Overreach in Prisons / Shavonnie R. Carthens -- Chapter Six - I Fought the Law, and the First Amendment Won: How the Brandenburg Test Safeguards Musical Expression / Eric T. Kasper -- Chapter Seven - "Terrorism' and Arguments to Disregard Brandenburg's Incitement Test / Christina E. Wells -- Chapter Eight - Incitement on the Internet: Rethinking First Amendment Standards in Cyberspace / Howard Schweber and Rebecca J. Anderson -- Chapter Nine - Incitement in Context / JoAnne Sweeny -- Chapter Ten - We Told You So: Why Courts Won't Hold Trump Accountable for Incitement / Daniel J. Canon -- Conclusions: The Future of Brandenburg, Incitement, & the First Amendment / Eric T. Kasper and JoAnne Sweeny. | |
| 520 |
_a"Explores the line between free speech protected by the First Amendment and unprotected incitement to immanent lawless action"-- _cProvided by publisher. |
||
| 650 | 0 |
_aFreedom of speech _zUnited States. |
|
| 650 | 0 |
_aUnited States _xPolitics and government _y21st century. |
|
| 650 | 0 |
_aPolitical crimes and offenses _xLaw and legislation _zUnited States. |
|
| 700 | 1 |
_aKasper, Eric T., _d1977- _eeditor. |
|
| 700 | 1 |
_aSweeny, JoAnne, _d1977- _eeditor. |
|
| 906 |
_a7 _bcbc _corignew _d1 _eecip _f20 _gy-gencatlg |
||
| 942 |
_2ddc _cBK |
||
| 999 |
_c214207 _d214207 |
||